00759cam a2200253Mi 4500001001300000003000600013005001700019008004100036020001500077020001800092020003000110020003300140035002100173040003500194080000800229100002700237245007700264250001200341260003600353300005700389504001200446653002000458700002700478ocn440737165OCoLC20220304140611.0010110s1997 nyua f p 000 0 eng d a0070113378 a9780070113374 a0071140050q(student ed.) a9780071140058q(student ed.) a(OCoLC)440737165 aSCLJbslveppiakcSILISdOCLCQ a5471 aAtkins, Robert C.4aut10aOrganic chemistry: a brief course /cRobert C. Atkins, Francis A. Carey. a2nd ed. aNew York :bMcGraw-Hill,c1997. aXXIV, 524, A-25, G-16, I-15 str. :bilustr. ;c26 cm aKazala.0 aorganska kemija1 aCarey, Francis A.4aut